Design of equilibrium stage processes (Record no. 13251)

000 -LEADER
fixed length control field 00589nam a22002171 4500
001 - CONTROL NUMBER
control field 13251
003 - CONTROL NUMBER IDENTIFIER
control field BD-DhUET
008 - FIXED-LENGTH DATA ELEMENTS--GENERAL INFORMATION
fixed length control field 740517s1963 nyua b 000 0 eng
020 ## - INTERNATIONAL STANDARD BOOK NUMBER
International Standard Book Number 070586373
040 ## - CATALOGING SOURCE
Original cataloging agency DLC
Transcribing agency OAkU
Modifying agency BD-DhUET
082 ## - DEWEY DECIMAL CLASSIFICATION NUMBER
Classification number 660.28422
Item number SMI/1963
100 1# - MAIN ENTRY--PERSONAL NAME
Personal name Smith, Buford D.
245 10 - TITLE STATEMENT
Title Design of equilibrium stage processes
250 ## - EDITION STATEMENT
Edition statement 1st ed.
260 ## - PUBLICATION, DISTRIBUTION, ETC. (IMPRINT)
Place of publication, distribution, etc. New York
Name of publisher, distributor, etc. McGraw-Hill
Date of publication, distribution, etc. 1963
300 ## - PHYSICAL DESCRIPTION
Extent 647 p.
Other physical details ill.
Dimensions 24 cm.
490 ## - SERIES STATEMENT
Series statement McGraw-Hill chemical engineering series
504 ## - BIBLIOGRAPHY, ETC. NOTE
Bibliography, etc Includes bibliographies
650 #0 - SUBJECT ADDED ENTRY--TOPICAL TERM
Topical term or geographic name as entry element Chemical equilibrium
942 ## - ADDED ENTRY ELEMENTS (KOHA)
Koha item type General Book
Holdings
Koha date last seen Location (home branch) Damaged status Sublocation or collection (holding branch) Lost status Koha full call number Date acquired Koha item type Price effective from Piece designation (barcode) Source of classification or shelving scheme Copy number Koha normalized classification for sorting Shelving location Withdrawn status Not for loan
2015-03-02Central Library, BUET Central Library, BUET 660.28422/SMI/19632015-03-02General Book2015-03-0234954 1660_284220000000000_SMI_1963Circulation section  
2015-03-03Central Library, BUET Central Library, BUET 660.28422/SMI/19632015-03-03General Book2015-03-0329845 2660_284220000000000_SMI_1963Circulation section  
2015-03-03Central Library, BUET Central Library, BUET 660.28422/SMI/19632015-03-03General Book2015-03-0329841 3660_284220000000000_SMI_1963Circulation section  
2015-03-03Central Library, BUET Central Library, BUET 660.28422/SMI/19632015-03-03General Book2015-03-0329847 4660_284220000000000_SMI_1963Circulation section  
2015-03-03Central Library, BUET Central Library, BUET 660.28422/SMI/19632015-03-03General Book2015-03-0329853 5660_284220000000000_SMI_1963Circulation section  
2015-03-03Central Library, BUET Central Library, BUET 660.28422/SMI/19632015-03-03General Book2015-03-0329843 6660_284220000000000_SMI_1963Circulation section  
2015-03-03Central Library, BUET Central Library, BUET 660.28422/SMI/19632015-03-03General Book2015-03-0329844 7660_284220000000000_SMI_1963Circulation section  
2015-03-03Central Library, BUET Central Library, BUET 660.28422/SMI/19632015-03-03General Book2015-03-0329840 8660_284220000000000_SMI_1963Circulation section  
2015-03-03Central Library, BUET Central Library, BUET 660.28422/SMI/19632015-03-03General Book2015-03-0334955 9660_284220000000000_SMI_1963Circulation section  
2015-05-11Central Library, BUET Central Library, BUET 660.28422/SMI/19632015-05-11General Book2015-05-1111477 10660_284220000000000_SMI_1963Circulation section  
2015-05-11Central Library, BUET Central Library, BUET 660.28422/SMI/19632015-05-11General Book2015-05-1129846 11660_284220000000000_SMI_1963Circulation section  
2015-05-11Central Library, BUET Central Library, BUET 660.28422/SMI/19632015-05-11General Book2015-05-1134953 12660_284220000000000_SMI_1963Circulation section  
2015-05-11Central Library, BUET Central Library, BUET 660.28422/SMI/19632015-05-11General Book2015-05-1118836 13660_284220000000000_SMI_1963Circulation section  
2015-05-11Central Library, BUET Central Library, BUET 660.28422/SMI/19632015-05-11General Book2015-05-1129854 14660_284220000000000_SMI_1963Circulation section  
2015-05-11Central Library, BUET Central Library, BUET 660.28422/SMI/19632015-05-11General Book2015-05-1129856 15660_284220000000000_SMI_1963Circulation section  
2015-05-19Central Library, BUET Central Library, BUET 660.28422/SMI/19632015-05-19General Book2015-05-1929848 16660_284220000000000_SMI_1963Circulation section  
2015-06-18Central Library, BUET Central Library, BUET 660.28422/SMI/19632015-06-18Reading Item2015-06-186449 17660_284220000000000_SMI_1963Reading section